[Event "DEM U8 2024"]
[Site "Willingen GER"]
[Date "2024.05.24"]
[Round "6"]
[White "Peterson, James"]
[Black "Siegel, Vitus"]
[Result "0-1"]
[Termination "normal"]
[Board "3"]
[WhiteElo "1171"]
[BlackElo "1345"]
[WhiteClock "00:24:25"]
[BlackClock "00:47:45"]
[PlyCount "111"]
[WhiteFideId "34692452"]
[BlackFideId "34694102"]
[EventCountry "GER"]
[EventRounds "7"]
[EventType "swiss"]
[EventDate "2024.05.21"]

1. d4 {[%clk 01:00:25]} {[%emt 00:00:04]} d5 {[%emt 00:00:12]} 2. c4 {[%clk
01:00:31]} {[%emt 00:00:07]} e6 {[%clk 01:00:22]} {[%emt 00:00:15]} 3. Nf3
{[%clk 01:00:28]} {[%emt 00:00:17]} Nf6 {[%clk 01:00:10]} {[%emt 00:00:26]} 4.
Bf4 {[%clk 01:00:15]} {[%emt 00:00:28]} Be7 {[%clk 01:00:09]} {[%emt 00:00:17]}
5. e3 {[%clk 01:00:17]} {[%emt 00:00:13]} b6 {[%clk 01:00:08]} {[%emt
00:00:16]} 6. Be2 {[%clk 01:00:09]} {[%emt 00:00:23]} O-O {[%clk 01:00:13]}
{[%emt 00:00:10]} 7. O-O {[%clk 01:00:09]} {[%emt 00:00:16]} Bb7 {[%clk
01:00:13]} {[%emt 00:00:15]} 8. Nc3 {[%clk 00:59:59]} {[%emt 00:00:24]} Nbd7
{[%clk 01:00:11]} {[%emt 00:00:18]} 9. Re1 {[%clk 00:59:51]} {[%emt 00:00:24]}
c5 {[%clk 01:00:02]} {[%emt 00:00:24]} 10. Qc2 {[%clk 00:55:58]} {[%emt
00:04:06]} Rc8 {[%clk 00:59:39]} {[%emt 00:00:39]} 11. b3 {[%clk 00:55:44]}
{[%emt 00:00:29]} dxc4 {[%clk 00:59:22]} {[%emt 00:00:33]} 12. bxc4 {[%clk
00:55:44]} {[%emt 00:00:15]} cxd4 {[%clk 00:59:15]} {[%emt 00:00:22]} 13. exd4
{[%clk 00:55:49]} {[%emt 00:00:09]} Bb4 {[%clk 00:59:04]} {[%emt 00:00:27]} 14.
Qb3 {[%clk 00:55:36]} {[%emt 00:00:28]} Bxc3 {[%clk 00:58:15]} {[%emt
00:01:05]} 15. Qxc3 {[%clk 00:55:45]} {[%emt 00:00:04]} Nd5 {[%clk 00:58:06]}
{[%emt 00:00:24]} 16. Qd2 {[%clk 00:55:36]} {[%emt 00:00:24]} Nxf4 {[%clk
00:57:48]} {[%emt 00:00:34]} 17. Qxf4 {[%clk 00:55:41]} {[%emt 00:00:09]} Ba6
{[%clk 00:57:19]} {[%emt 00:00:45]} 18. Rac1 {[%clk 00:54:37]} {[%emt
00:01:19]} f6 {[%clk 00:56:32]} {[%emt 00:01:02]} 19. Qd6 {[%clk 00:54:08]}
{[%emt 00:00:42]} Re8 {[%clk 00:56:05]} {[%emt 00:00:42]} 20. Bd3 {[%clk
00:52:51]} {[%emt 00:01:34]} Nf8 {[%clk 00:55:48]} {[%emt 00:00:31]} 21. Qa3
{[%clk 00:52:34]} {[%emt 00:00:32]} Bb7 {[%clk 00:55:32]} {[%emt 00:00:32]} 22.
Rcd1 {[%clk 00:49:05]} {[%emt 00:03:43]} f5 {[%clk 00:53:41]} {[%emt 00:02:06]}
23. Ne5 {[%clk 00:46:37]} {[%emt 00:02:43]} Qg5 {[%clk 00:51:48]} {[%emt
00:02:08]} 24. f3 {[%clk 00:45:58]} {[%emt 00:00:54]} Ng6 {[%clk 00:51:29]}
{[%emt 00:00:35]} 25. Kh1 {[%clk 00:42:46]} {[%emt 00:03:27]} Nf4 {[%clk
00:51:13]} {[%emt 00:00:30]} 26. g3 {[%clk 00:41:14]} {[%emt 00:01:47]} Ng6
{[%clk 00:50:59]} {[%emt 00:00:26]} 27. Bf1 {[%clk 00:38:56]} {[%emt 00:02:35]}
Qh5 {[%clk 00:49:54]} {[%emt 00:01:20]} 28. Bg2 {[%clk 00:38:36]} {[%emt
00:00:35]} Nxe5 {[%clk 00:49:46]} {[%emt 00:00:23]} 29. Rxe5 {[%clk 00:38:10]}
{[%emt 00:00:41]} Rxc4 {[%clk 00:49:34]} {[%emt 00:00:27]} 30. Qb3 {[%clk
00:36:12]} {[%emt 00:02:13]} Bd5 {[%clk 00:49:35]} {[%emt 00:00:14]} 31. Qe3
{[%clk 00:34:52]} {[%emt 00:01:35]} Rec8 {[%clk 00:49:25]} {[%emt 00:00:24]}
32. Rxd5 {[%clk 00:27:55]} {[%emt 00:07:13]} exd5 {[%clk 00:48:57]} {[%emt
00:00:43]} 33. Qe6+ {[%clk 00:27:54]} {[%emt 00:00:16]} Qf7 {[%clk 00:48:57]}
{[%emt 00:00:14]} 34. Qxf7+ {[%clk 00:27:41]} {[%emt 00:00:28]} Kxf7 {[%clk
00:49:05]} {[%emt 00:00:06]} 35. f4 {[%clk 00:27:42]} {[%emt 00:00:15]} Ke6
{[%clk 00:49:02]} {[%emt 00:00:18]} 36. Re1+ {[%clk 00:27:36]} {[%emt
00:00:21]} Kd6 {[%clk 00:49:03]} {[%emt 00:00:13]} 37. Rd1 {[%clk 00:27:02]}
{[%emt 00:00:50]} Rc1 {[%clk 00:49:08]} {[%emt 00:00:11]} 38. Rf1 {[%clk
00:26:44]} {[%emt 00:00:32]} Rxf1+ {[%clk 00:49:11]} {[%emt 00:00:12]} 39. Bxf1
{[%clk 00:26:45]} {[%emt 00:00:14]} Rc2 {[%clk 00:49:05]} {[%emt 00:00:20]} 40.
Bd3 {[%clk 00:26:38]} {[%emt 00:00:22]} Rxa2 {[%clk 00:49:04]} {[%emt
00:00:17]} 41. Bxf5 {[%clk 00:26:41]} {[%emt 00:00:12]} Rd2 {[%clk 00:48:57]}
{[%emt 00:00:20]} 42. Bxh7 {[%clk 00:26:34]} {[%emt 00:00:22]} Rxd4 {[%emt
00:00:10]} 43. Bc2 {[%clk 00:26:27]} {[%emt 00:00:21]} a5 {[%clk 00:49:04]}
{[%emt 00:00:15]} 44. h4 {[%clk 00:26:22]} {[%emt 00:00:20]} Rc4 {[%clk
00:48:25]} {[%emt 00:00:54]} 45. Bd3 {[%clk 00:26:03]} {[%emt 00:00:33]} Rc8
{[%clk 00:48:31]} {[%emt 00:00:10]} 46. g4 {[%clk 00:26:01]} {[%emt 00:00:16]}
a4 {[%clk 00:48:34]} {[%emt 00:00:13]} 47. h5 {[%clk 00:25:56]} {[%emt
00:00:20]} a3 {[%clk 00:48:41]} {[%emt 00:00:08]} 48. Bb1 {[%clk 00:26:04]}
{[%emt 00:00:06]} b5 {[%clk 00:48:47]} {[%emt 00:00:09]} 49. Ba2 {[%clk
00:26:00]} {[%emt 00:00:19]} b4 {[%clk 00:48:39]} {[%emt 00:00:23]} 50. g5
{[%clk 00:25:50]} {[%emt 00:00:25]} Rc1+ {[%clk 00:48:31]} {[%emt 00:00:23]}
51. Kh2 {[%clk 00:25:56]} {[%emt 00:00:09]} Rc2+ {[%clk 00:48:37]} {[%emt
00:00:09]} 52. Kg3 {[%clk 00:26:04]} {[%emt 00:00:06]} Rxa2 {[%clk 00:48:39]}
{[%emt 00:00:14]} 53. h6 {[%clk 00:26:11]} {[%emt 00:00:09]} gxh6 {[%clk
00:48:17]} {[%emt 00:00:35]} 54. gxh6 {[%clk 00:25:47]} {[%emt 00:00:40]} Rc2
{[%clk 00:48:27]} {[%emt 00:00:05]} 55. f5 {[%clk 00:25:24]} {[%emt 00:00:39]}
a2 {[%clk 00:47:45]} {[%emt 00:03:02]} 56. Kg4 {[%clk 00:24:25]} 0-1

[Event "DEM U8 2024"]
[Site "Willingen GER"]
[Date "2024.05.24"]
[Round "6"]
[White "Yarmish, Tymofeii"]
[Black "White, William"]
[Result "0-1"]
[Termination "normal"]
[Board "4"]
[WhiteElo "1087"]
[BlackElo "1330"]
[WhiteClock "00:09:17"]
[BlackClock "00:03:25"]
[PlyCount "114"]
[WhiteFideId "34691898"]
[BlackFideId "34669469"]
[EventCountry "GER"]
[EventRounds "7"]
[EventType "swiss"]
[EventDate "2024.05.21"]

1. e4 {[%clk 01:00:27]} {[%emt 00:00:04]} e5 {[%clk 01:00:16]} {[%emt
00:00:14]} 2. Nf3 {[%clk 01:00:31]} {[%emt 00:00:11]} Nc6 {[%clk 00:59:22]}
{[%emt 00:01:10]} 3. Bc4 {[%clk 01:00:29]} {[%emt 00:00:17]} Nf6 {[%clk
00:59:00]} {[%emt 00:00:36]} 4. d3 {[%clk 00:59:51]} {[%emt 00:00:54]} d6
{[%clk 00:56:13]} {[%emt 00:03:02]} 5. Ng5 {[%clk 00:59:38]} {[%emt 00:00:29]}
d5 {[%clk 00:55:44]} {[%emt 00:00:44]} 6. exd5 {[%clk 00:59:24]} {[%emt
00:00:28]} Na5 {[%clk 00:54:58]} {[%emt 00:01:01]} 7. Bb5+ {[%clk 00:57:06]}
{[%emt 00:02:32]} Bd7 {[%clk 00:54:22]} {[%emt 00:00:52]} 8. Bxd7+ {[%clk
00:56:09]} {[%emt 00:01:12]} Qxd7 {[%clk 00:54:26]} {[%emt 00:00:11]} 9. Ne4
{[%clk 00:54:23]} {[%emt 00:02:01]} Nxd5 {[%clk 00:51:29]} {[%emt 00:03:11]}
10. O-O {[%clk 00:53:40]} {[%emt 00:00:58]} h6 {[%clk 00:48:13]} {[%emt
00:03:31]} 11. f4 {[%clk 00:51:02]} {[%emt 00:02:54]} exf4 {[%clk 00:46:16]}
{[%emt 00:03:02]} 12. Bxf4 {[%clk 00:50:12]} {[%emt 00:00:39]} Nxf4 {[%clk
00:46:04]} {[%emt 00:00:26]} 13. Rxf4 {[%clk 00:50:18]} {[%emt 00:00:10]} Qd4+
{[%clk 00:42:43]} {[%emt 00:03:36]} 14. Kh1 {[%clk 00:49:53]} {[%emt 00:00:40]}
Qxb2 {[%clk 00:42:35]} {[%emt 00:00:22]} 15. Nbd2 {[%clk 00:49:29]} {[%emt
00:00:40]} Be7 {[%clk 00:39:51]} {[%emt 00:02:59]} 16. c4 {[%clk 00:43:41]}
{[%emt 00:06:03]} Qe5 {[%clk 00:36:49]} {[%emt 00:03:16]} 17. Qf1 {[%clk
00:43:04]} {[%emt 00:00:51]} O-O {[%clk 00:36:29]} {[%emt 00:00:37]} 18. Rf5
{[%clk 00:43:01]} {[%emt 00:00:18]} Qb2 {[%clk 00:30:57]} {[%emt 00:05:48]} 19.
Rxa5 {[%clk 00:42:41]} {[%emt 00:00:35]} Qd4 {[%clk 00:25:59]} {[%emt
00:05:12]} 20. Rd5 {[%clk 00:41:42]} {[%emt 00:01:14]} Qb6 {[%clk 00:25:03]}
{[%emt 00:01:12]} 21. h3 {[%clk 00:40:19]} {[%emt 00:01:36]} Qc6 {[%clk
00:22:47]} {[%emt 00:02:32]} 22. Nb3 {[%clk 00:39:23]} {[%emt 00:01:11]} g6
{[%clk 00:15:31]} {[%emt 00:07:32]} 23. Qf3 {[%clk 00:34:10]} {[%emt 00:05:26]}
b6 {[%clk 00:13:31]} {[%emt 00:02:16]} 24. Rf1 {[%clk 00:32:19]} {[%emt
00:02:05]} Kg7 {[%clk 00:11:49]} {[%emt 00:02:00]} 25. Qg3 {[%clk 00:24:24]}
{[%emt 00:08:09]} Rfe8 {[%clk 00:05:42]} {[%emt 00:06:21]} 26. Qe5+ {[%clk
00:24:01]} {[%emt 00:00:38]} f6 {[%clk 00:05:25]} {[%emt 00:00:32]} 27. Qf4
{[%clk 00:22:33]} {[%emt 00:01:42]} Bd8 {[%clk 00:04:13]} {[%emt 00:01:28]} 28.
Qf2 {[%clk 00:21:16]} {[%emt 00:01:31]} Qe6 {[%clk 00:03:23]} {[%emt 00:01:07]}
29. Kg1 {[%clk 00:19:50]} {[%emt 00:01:37]} f5 {[%clk 00:02:07]} {[%emt
00:01:34]} 30. Ng3 {[%clk 00:19:17]} {[%emt 00:00:47]} Bf6 {[%clk 00:01:04]}
{[%emt 00:01:19]} 31. Nd4 {[%clk 00:17:06]} {[%emt 00:02:25]} Qf7 {[%clk
00:00:42]} {[%emt 00:00:38]} 32. Rb5 {[%clk 00:16:43]} {[%emt 00:00:38]} Qd7
{[%clk 00:00:26]} {[%emt 00:00:30]} 33. Nc2 {[%clk 00:16:05]} {[%emt 00:00:53]}
Qxd3 {[%clk 00:00:30]} {[%emt 00:00:11]} 34. Rd5 {[%clk 00:15:20]} {[%emt
00:01:00]} Qxc4 {[%clk 00:00:27]} {[%emt 00:00:19]} 35. Rd7+ {[%clk 00:13:29]}
{[%emt 00:02:05]} Re7 {[%clk 00:00:21]} {[%emt 00:00:22]} 36. Rxe7+ {[%clk
00:13:03]} {[%emt 00:00:40]} Bxe7 {[%clk 00:00:34]} {[%emt 00:00:01]} 37. Qd4+
{[%clk 00:12:47]} {[%emt 00:00:31]} Qxd4+ {[%clk 00:00:47]} {[%emt 00:00:02]}
38. Nxd4 {[%clk 00:12:50]} {[%emt 00:00:11]} Bc5 {[%clk 00:00:58]} {[%emt
00:00:05]} 39. Rd1 {[%clk 00:12:48]} {[%emt 00:00:17]} Rd8 {[%clk 00:01:12]}
{[%emt 00:00:01]} 40. Nge2 {[%clk 00:12:44]} {[%emt 00:00:19]} Kf6 {[%clk
00:01:25]} {[%emt 00:00:03]} 41. Kf1 {[%clk 00:12:39]} {[%emt 00:00:20]} Bxd4
{[%clk 00:01:31]} {[%emt 00:00:09]} 42. Nxd4 {[%clk 00:12:30]} {[%emt
00:00:24]} c5 {[%clk 00:01:33]} {[%emt 00:00:12]} 43. Ke2 {[%clk 00:11:41]}
{[%emt 00:01:06]} Rxd4 {[%clk 00:01:47]} 44. Rxd4 {[%clk 00:11:42]} {[%emt
00:00:14]} cxd4 {[%clk 00:02:01]} {[%emt 00:00:02]} 45. Kd3 {[%clk 00:11:10]}
{[%emt 00:00:47]} Ke5 {[%clk 00:02:15]} {[%emt 00:00:01]} 46. g3 {[%clk
00:10:59]} {[%emt 00:00:25]} g5 {[%clk 00:02:22]} {[%emt 00:00:08]} 47. a3
{[%clk 00:09:51]} {[%emt 00:01:23]} a5 {[%clk 00:02:30]} {[%emt 00:00:07]} 48.
a4 {[%clk 00:09:59]} {[%emt 00:00:06]} f4 {[%clk 00:02:26]} {[%emt 00:00:19]}
49. g4 {[%clk 00:09:53]} {[%emt 00:00:21]} Kd5 {[%clk 00:02:36]} {[%emt
00:00:05]} 50. Ke2 {[%clk 00:09:47]} {[%emt 00:00:21]} Ke4 {[%clk 00:02:49]}
{[%emt 00:00:03]} 51. Ke1 {[%clk 00:09:41]} {[%emt 00:00:21]} f3 {[%clk
00:03:01]} {[%emt 00:00:04]} 52. Kd2 {[%clk 00:09:33]} {[%emt 00:00:21]} d3
{[%clk 00:03:09]} {[%emt 00:00:07]} 53. Ke1 {[%clk 00:09:20]} {[%emt 00:00:28]}
Ke3 {[%clk 00:03:17]} {[%emt 00:00:08]} 54. Kf1 {[%clk 00:09:20]} {[%emt
00:00:15]} d2 {[%clk 00:03:24]} {[%emt 00:00:07]} 55. Kg1 {[%clk 00:09:09]}
{[%emt 00:00:25]} d1=Q+ {[%clk 00:03:22]} {[%emt 00:00:18]} 56. Kh2 {[%clk
00:09:12]} {[%emt 00:00:10]} Qe2+ {[%clk 00:03:26]} {[%emt 00:00:13]} 57. Kg1
{[%clk 00:09:17]} {[%emt 00:00:10]} Qg2# {[%clk 00:03:25]} {[%emt 00:00:16]}
0-1

[Event "DEM U8 2024"]
[Site "Willingen GER"]
[Date "2024.05.24"]
[Round "6"]
[White "Tomovski, Leon"]
[Black "Liu, Peilin"]
[Result "0-1"]
[Termination "normal"]
[Board "5"]
[WhiteElo "1297"]
[BlackElo "1605"]
[WhiteClock "00:52:21"]
[BlackClock "00:11:08"]
[PlyCount "156"]
[WhiteFideId "34691790"]
[BlackFideId "8643792"]
[EventCountry "GER"]
[EventRounds "7"]
[EventType "swiss"]
[EventDate "2024.05.21"]

1. d4 {[%clk 01:00:29]} {[%emt 00:00:01]} d5 {[%clk 01:00:17]} {[%emt
00:00:14]} 2. c4 {[%clk 01:00:40]} {[%emt 00:00:03]} c6 {[%clk 01:00:19]}
{[%emt 00:00:14]} 3. Nc3 {[%clk 01:00:43]} {[%emt 00:00:12]} Nf6 {[%clk
01:00:21]} {[%emt 00:00:14]} 4. Bg5 {[%clk 01:00:50]} {[%emt 00:00:07]} e6
{[%clk 01:00:12]} {[%emt 00:00:24]} 5. e3 {[%clk 01:00:16]} {[%emt 00:00:49]}
Bd6 {[%clk 00:59:42]} {[%emt 00:00:43]} 6. Nf3 {[%clk 01:00:01]} {[%emt
00:00:32]} O-O {[%emt 00:01:24]} 7. Bd3 {[%emt 00:00:20]} Nbd7 {[%clk
00:57:22]} {[%emt 00:00:47]} 8. Qc2 {[%clk 00:59:50]} {[%emt 00:00:30]} h6
{[%clk 00:56:49]} {[%emt 00:00:37]} 9. Bh4 {[%clk 01:00:00]} {[%emt 00:00:14]}
b6 {[%clk 00:55:08]} {[%emt 00:01:51]} 10. e4 {[%clk 00:59:42]} {[%emt
00:00:39]} dxe4 {[%clk 00:50:13]} {[%emt 00:05:10]} 11. Nxe4 {[%clk 00:59:08]}
{[%emt 00:00:50]} Bb4+ {[%clk 00:47:46]} {[%emt 00:02:39]} 12. Nfd2 {[%clk
00:58:42]} {[%emt 00:00:43]} c5 {[%clk 00:46:00]} {[%emt 00:01:51]} 13. Nxf6+
{[%clk 00:58:28]} {[%emt 00:00:39]} Nxf6 {[%clk 00:45:44]} {[%emt 00:00:31]}
14. O-O {[%clk 00:58:19]} {[%emt 00:00:24]} Bxd2 {[%clk 00:44:35]} {[%emt
00:01:24]} 15. Qxd2 {[%clk 00:58:25]} {[%emt 00:00:09]} Qxd4 {[%clk 00:43:05]}
{[%emt 00:01:42]} 16. Bg3 {[%clk 00:56:57]} {[%emt 00:01:45]} Ba6 {[%clk
00:42:52]} {[%emt 00:00:18]} 17. b3 {[%clk 00:57:07]} {[%emt 00:00:15]} Ne4
{[%clk 00:41:16]} {[%emt 00:01:45]} 18. Qe3 {[%clk 00:56:43]} {[%emt 00:00:44]}
Qxe3 {[%clk 00:40:56]} {[%emt 00:00:35]} 19. fxe3 {[%clk 00:56:42]} {[%emt
00:00:17]} Nxg3 {[%clk 00:40:47]} {[%emt 00:00:23]} 20. hxg3 {[%clk 00:56:51]}
{[%emt 00:00:06]} Rad8 {[%clk 00:39:34]} {[%emt 00:01:26]} 21. Rad1 {[%clk
00:56:38]} {[%emt 00:00:31]} e5 {[%clk 00:37:55]} {[%emt 00:01:50]} 22. Rf2
{[%clk 00:56:26]} {[%emt 00:00:30]} e4 {[%clk 00:37:47]} {[%emt 00:00:19]} 23.
Bc2 {[%clk 00:56:32]} {[%emt 00:00:14]} Rxd1+ {[%clk 00:37:45]} {[%emt
00:00:18]} 24. Bxd1 {[%clk 00:56:43]} {[%emt 00:00:02]} Bb7 {[%clk 00:36:49]}
{[%emt 00:01:09]} 25. Rd2 {[%clk 00:56:39]} {[%emt 00:00:21]} Bc6 {[%clk
00:36:27]} {[%emt 00:00:28]} 26. Rd6 {[%clk 00:56:46]} {[%emt 00:00:18]} Bb7
{[%clk 00:35:47]} {[%emt 00:00:51]} 27. Rd7 {[%clk 00:56:39]} {[%emt 00:00:27]}
Rb8 {[%clk 00:35:11]} {[%emt 00:00:47]} 28. a3 {[%clk 00:56:27]} {[%emt
00:00:31]} a5 {[%clk 00:34:49]} {[%emt 00:00:36]} 29. Kf2 {[%clk 00:55:47]}
{[%emt 00:00:56]} Kf8 {[%clk 00:34:26]} {[%emt 00:00:36]} 30. g4 {[%clk
00:55:15]} {[%emt 00:00:49]} Ke8 {[%clk 00:34:19]} {[%emt 00:00:19]} 31. Rc7
{[%clk 00:55:24]} {[%emt 00:00:08]} Bc8 {[%clk 00:33:28]} {[%emt 00:01:01]} 32.
Bc2 {[%clk 00:55:17]} {[%emt 00:00:28]} Bxg4 {[%clk 00:32:07]} {[%emt
00:01:37]} 33. Bxe4 {[%clk 00:55:21]} {[%emt 00:00:11]} Be6 {[%clk 00:31:35]}
{[%emt 00:00:42]} 34. Kg3 {[%clk 00:55:12]} {[%emt 00:00:30]} Kd8 {[%clk
00:31:17]} {[%emt 00:00:31]} 35. Rc6 {[%clk 00:54:57]} {[%emt 00:00:31]} Kd7
{[%clk 00:30:35]} {[%emt 00:00:55]} 36. Kf4 {[%clk 00:54:23]} {[%emt 00:00:49]}
f6 {[%clk 00:28:52]} {[%emt 00:01:43]} 37. Kg3 {[%clk 00:53:23]} {[%emt
00:01:31]} f5 {[%clk 00:27:22]} {[%emt 00:01:44]} 38. Bd5 {[%clk 00:53:11]}
{[%emt 00:00:29]} Bxd5 {[%clk 00:26:15]} {[%emt 00:01:21]} 39. cxd5 {[%clk
00:53:12]} {[%emt 00:00:15]} Re8 {[%clk 00:25:34]} {[%emt 00:00:46]} 40. Kf3
{[%clk 00:53:15]} {[%emt 00:00:21]} Rb8 {[%clk 00:24:27]} {[%emt 00:01:01]} 41.
Rg6 {[%clk 00:53:01]} {[%emt 00:00:49]} Ke7 {[%clk 00:24:10]} {[%emt 00:00:29]}
42. Rxg7+ {[%clk 00:53:00]} {[%emt 00:00:20]} Kd6 {[%clk 00:23:16]} {[%emt
00:01:03]} 43. Rg6+ {[%clk 00:52:48]} {[%emt 00:00:34]} Kxd5 {[%clk 00:23:14]}
{[%emt 00:00:15]} 44. Rxh6 {[%clk 00:52:49]} {[%emt 00:00:14]} c4 {[%clk
00:22:16]} {[%emt 00:01:11]} 45. bxc4+ {[%clk 00:52:48]} {[%emt 00:00:17]} Kxc4
{[%clk 00:22:09]} {[%emt 00:00:23]} 46. Rh4+ {[%clk 00:52:04]} {[%emt
00:01:00]} Kb3 {[%clk 00:21:31]} {[%emt 00:00:44]} 47. a4 {[%clk 00:52:01]}
{[%emt 00:00:26]} Rc8 {[%clk 00:19:46]} {[%emt 00:01:59]} 48. g4 {[%clk
00:51:15]} {[%emt 00:01:01]} fxg4 {[%clk 00:18:17]} {[%emt 00:01:44]} 49. Rxg4
{[%clk 00:51:07]} {[%emt 00:00:23]} Rc3 {[%clk 00:17:10]} {[%emt 00:01:22]} 50.
Kg3 {[%clk 00:51:01]} {[%emt 00:00:22]} Rxe3 {[%clk 00:16:58]} {[%emt
00:00:26]} 51. Kf2 {[%clk 00:51:07]} {[%emt 00:00:09]} Re6 {[%clk 00:16:55]}
{[%emt 00:00:15]} 52. Kf3 {[%clk 00:51:03]} {[%emt 00:00:21]} Rc6 {[%clk
00:16:59]} {[%emt 00:00:12]} 53. Ke2 {[%clk 00:51:10]} {[%emt 00:00:07]} Rc4
{[%clk 00:16:57]} {[%emt 00:00:17]} 54. Rg6 {[%clk 00:51:18]} {[%emt 00:00:06]}
Rxa4 {[%clk 00:16:49]} {[%emt 00:00:23]} 55. Rxb6+ {[%clk 00:51:26]} {[%emt
00:00:09]} Rb4 {[%clk 00:16:33]} {[%emt 00:00:29]} 56. Ra6 {[%clk 00:51:20]}
{[%emt 00:00:21]} a4 {[%clk 00:16:39]} {[%emt 00:00:10]} 57. Kd2 {[%clk
00:51:31]} {[%emt 00:00:04]} Kb2 {[%clk 00:16:40]} {[%emt 00:00:14]} 58. Rc6
{[%clk 00:51:26]} {[%emt 00:00:20]} Rd4 {[%clk 00:16:16]} {[%emt 00:00:38]} 59.
Ke3 {[%clk 00:51:29]} {[%emt 00:00:13]} Rb4 {[%clk 00:15:50]} {[%emt 00:00:41]}
60. Kd2 {[%clk 00:51:36]} {[%emt 00:00:09]} a3 {[%clk 00:15:26]} {[%emt
00:00:35]} 61. Rc2+ {[%clk 00:51:44]} {[%emt 00:00:10]} Kb3 {[%clk 00:14:31]}
{[%emt 00:01:08]} 62. Kc1 {[%clk 00:50:58]} {[%emt 00:01:02]} a2 {[%clk
00:13:27]} {[%emt 00:01:16]} 63. Rb2+ {[%clk 00:51:11]} {[%emt 00:00:06]} Ka3
{[%clk 00:13:08]} {[%emt 00:00:29]} 64. Rxb4 {[%clk 00:50:56]} {[%emt
00:00:35]} a1=Q+ {[%emt 00:00:15]} 65. Rb1 {[%emt 00:00:07]} Qc3+ {[%clk
00:12:37]} {[%emt 00:00:20]} 66. Kd1 {[%clk 00:50:57]} {[%emt 00:00:17]} Qd3+
{[%clk 00:12:27]} {[%emt 00:00:25]} 67. Kc1 {[%clk 00:51:02]} {[%emt 00:00:09]}
Qc3+ {[%clk 00:11:52]} {[%emt 00:00:51]} 68. Kd1 {[%clk 00:51:02]} {[%emt
00:00:15]} Ka2 {[%clk 00:11:37]} {[%emt 00:00:27]} 69. Rc1 {[%clk 00:51:15]}
{[%emt 00:00:05]} Qb3+ {[%clk 00:11:19]} {[%emt 00:00:34]} 70. Rc2+ {[%clk
00:51:18]} {[%emt 00:00:11]} Kb1 {[%clk 00:11:21]} {[%emt 00:00:13]} 71. Ke1
{[%clk 00:51:18]} {[%emt 00:00:16]} Qxc2 {[%clk 00:11:25]} {[%emt 00:00:10]}
72. Kf1 {[%clk 00:51:27]} {[%emt 00:00:07]} Qd2 {[%clk 00:11:33]} {[%emt
00:00:06]} 73. Kg1 {[%clk 00:51:37]} {[%emt 00:00:05]} Qe2 {[%clk 00:11:37]}
{[%emt 00:00:12]} 74. Kh1 {[%clk 00:51:47]} {[%emt 00:00:05]} Kc2 {[%clk
00:11:30]} {[%emt 00:00:21]} 75. Kg1 {[%clk 00:51:58]} {[%emt 00:00:04]} Kd3
{[%clk 00:11:17]} {[%emt 00:00:21]} 76. Kh1 {[%clk 00:52:10]} {[%emt 00:00:11]}
Ke3 {[%clk 00:11:15]} 77. Kg1 {[%clk 00:52:21]} {[%emt 00:00:21]} Kf3 {[%clk
00:11:08]} 78. Kh1 {[%clk 00:52:21]} Qg2# {[%clk 00:11:08]} 0-1